| 000 | 00909nam a2200229Ia 4500 | ||
|---|---|---|---|
| 005 | 20250108125112.0 | ||
| 008 | 008 250107s9999 xx 000 0 hin d | ||
| 020 | _a978935009003 | ||
| 037 | _aTB | ||
| 040 |
_aCRL _bhin _cCRL |
||
| 041 |
_ahin _2hin |
||
| 084 | _aO111:g(G:5) Q8 | ||
| 084 | _qCRL | ||
| 100 |
_aराजपूत, जगमोहन सिंह, ले. _9157566 |
||
| 245 | 0 |
_aभारतीय संस्कृति के आलोक में शिक्षा: अपेक्षाएं एवं संभावनाएं _cराजपूत, जगमोहन सिंह, ले. |
|
| 260 |
_aनई दिल्ली, भारत _bकिताबघर प्रकाशन _c3317 |
||
| 300 | _a227पृ0 | ||
| 365 |
_aINR _b800 |
||
| 650 | _aसमाजशास्त्र | ||
| 942 |
_cTB _hO111:g(G:5) Q8 |
||
| 999 |
_c1235705 _d1235705 |
||